000 00607cam a22002411 4500
001 sa 64006982
003 DLC
005 20260227112043.0
008 890719s1962 ii b 000 0 orio
010 _asa 64006982
035 _a(OCoLC)20033881
040 _aDLC
_cWaU
_dDLC
042 _apremarc
043 _aa-ii---
050 0 0 _aPK2571
_b.P33
100 1 _aPatnaik, Pathani,
_d1928-
245 1 0 _aSāhitya parikramā.
260 _c[1962]
300 _a2, 162 p.
_c18 cm.
500 _aIn Oriya.
504 _aBibliographical footnotes.
650 0 _aOriya literature
_xHistory and criticism.
999 _c59982
_d59982